Wordt geladen...
Multiple cropping
| Hoofdauteur: | |
|---|---|
| Formaat: | Printed Book |
| Gepubliceerd in: |
New Delhi
Indian society of agronomy
1973
|
| LEADER | 00468nam a22001337a 4500 | ||
|---|---|---|---|
| 041 | |a English | ||
| 082 | |a 631.53 |b IND/MU | ||
| 100 | |a Indian society of agronomy | ||
| 245 | |a Multiple cropping | ||
| 260 | |a New Delhi |b Indian society of agronomy |c 1973 | ||
| 300 | |a 351 | ||
| 942 | |c BK | ||
| 999 | |c 175333 |d 175333 | ||
| 952 | |0 0 |1 0 |4 0 |6 631_530000000000000_IND_MU |7 0 |9 180285 |a KAUCOF |b KAUCOF |d 2015-09-29 |e Donated by Dr. K. Sudhakara |o 631.53 IND/MU |p KAU_COF-G-367 |r 2015-09-29 |w 2019-07-30 |y BK | ||